000
00222nam a22000857a 4500
008
160823b xxu||||| |||| 00| 0 eng d
100
_9
222
_a
Nehemiah A
245
_a
Surprise Gifts
260
_a
New Delhi
_b
Children Book Trust
_c
2011
999
_c
2879
_d
2879